02123cam a22003735a 4500999001700000001000900017005001700026008004100043010001700084020003800101040002800139042000800167043001200175082002200187245007700209250001200286260004100298300002700339490002600366500013700392504006700529505026600596520025000862650004601112651001001158653002501168655001701193700002701210775013701237856010901374942000801483952012901491952012901620 c27001d269731868821620181115105313.0150706t2016 nyu frb 001 0 eng d a 2015026550 a9781454866985 (hbk. : alk. paper) aDLCbengcDLCdEG-ScBUE apcc an-us---04a342.7306bADM22200aAdministrative law :bcases and materials /cRonald A. Cass... [et al.]. a7th ed. aNew York :bWolters kluwer,cc.2016. axxxi, 959 p. ;c26 cm.0 aAspen casebook series a"Part of the LIFT program, this book comes with 1-Year digital access to the Examples & Explanations for this course." --Cover book. aIncludes bibliographical references (pages 943-950) and index.0 aThe nature and functions of administrative agencies -- Judicial review of administrative decisions -- Availability of judicial review -- Choice of policymaking instruments -- Rulemaking -- Adjudication -- Enforcement and liability -- Licensing -- Public access. aThis highly regarded casebook presents administrative law as a vital force in policy-making, law enactment, and politics. In its Fourth Edition, Administrative Law: Cases and Materials reflects developments both in the law and in the classroom.  7aAdministrative lawzUnited States.2BUEsh 2BUEsh bLLAAWWcNovember2018 vReading book1 aCass, Ronald A.94193908iRevision of:aAdministrative law : cases and materials.b6th ed.dNew York : Wolters Kluwer Law & Business, 2011.w(DLC) 2011006894.403Digital access code to the Examples & Explanations for this courseuhttps://www.casebookconnect.com/LIFT 2ddc 00102ddc40708BaccahaMAINbMAINc1STd2018-11-15ePurchaseg2700.00l0o342.7306 ADMp000043950r2025-07-15 00:00:00yNB 00102ddc40708BaccahaMAINbMAINc1STd2018-11-15ePurchaseg2700.00l0o342.7306 ADMp000043951r2025-07-15 00:00:00yBB